<?xml version="1.0" encoding="UTF-8"?>
<marc:record xmlns:marc="http://www.loc.gov/MARC21/slim">
   <marc:leader>00000nam a2200000 a 4500</marc:leader>
   <marc:datafield ind1="1" ind2=" " tag="100">
      <marc:subfield code="a">ZEH JULI</marc:subfield>
      <marc:subfield code="4">aut</marc:subfield>
      <marc:subfield code="e">Verfasser/-in</marc:subfield>
   </marc:datafield>
   <marc:datafield ind1="0" ind2="0" tag="245">
      <marc:subfield code="a">NEUJAHR</marc:subfield>
   </marc:datafield>
   <marc:datafield ind1=" " ind2="1" tag="264">
      <marc:subfield code="b">der Hörverlag</marc:subfield>
      <marc:subfield code="c">2018</marc:subfield>
   </marc:datafield>
   <marc:datafield ind1="1" ind2=" " tag="520">
      <marc:subfield code="a">Lanzarote am Neujahrsmorgen: Henning will mit dem Fahrrad den Steilaufstieg zum Pass von Fermes bezwingen. Während er gegen Wind und Steigung kämpft, denkt er über sein Leben nach. Eigentlich ist alles in bester Ordnung. Er liebt seine Frau, hat zwei gesunde Kinder und einen passablen Job. Aber Henning geht es schlecht. Familienernährer, Ehemann, Vater - in keiner Rolle findet er sich wieder. Er leidet unter Angstzuständen und Panikattacken, die ihn regelmäßig heimsuchen. Als Henning schließlich den Pass erreicht, trifft ihn die Erkenntnis wie ein Schlag: Er war als Kind schon einmal hier. Damals hat sich etwas Schreckliches zugetragen, das er bis heute verdrängt hat...</marc:subfield>
   </marc:datafield>
   <marc:datafield ind1="3" ind2=" " tag="024">
      <marc:subfield code="a">9783844529791</marc:subfield>
   </marc:datafield>
</marc:record>
